| 000 | 00750nam a22002297a 4500 | ||
|---|---|---|---|
| 005 | 20130416172516.0 | ||
| 008 | 130416b xxu||||| |||| 00| 0 eng d | ||
| 010 | _aENG-106879 | ||
| 020 |
_a9780230332331 _c375.00 |
||
| 020 |
_a0230332331 _c375.00 |
||
| 035 | _aEN-90412 | ||
| 037 | _bDBAD/PUB | ||
| 040 |
_aDPL _bEng |
||
| 082 | _a320.532095409041 | ||
| 100 | _aRai Chowdhuri, Satyabrata | ||
| 245 |
_aLeftism in India, 1917-1947 / _cby Satyabrata Rai Chowdhuri |
||
| 260 |
_aGurgaon _bMacmillan Publishers _c2011 |
||
| 270 |
_a3A, 5th Floor, DLF Corporate Park _bGurgaon _e122002 |
||
| 300 |
_axiii,254p. _c23cm(Hb) |
||
| 500 | _aIncludes bibliographical references and index | ||
| 942 |
_2ddc _cEN _h320.532095409041 _mRAI |
||
| 999 |
_c74630 _d74630 |
||